00609nam a2200193Ia 4500003000900000008004100009040001600050080001500066100001800081245013900099260003500238300001400273490002300287650002500310650001900335650002200354700001800376700002100394IN-BaIIA211028s9999 xx 000 0 eng d cIIA Library a533.5bRED aRedhead, P. A 4aThe physical basis of ultrahigh vacuumcRedhead P. A., Hobson J. P. and Kornelsen E. V.  aLondonbChapman and Hallc1968 axi, 498p. aHigh vacuum series aLow density research aNASA thesaurus aUltra high vacuum aHobson, J. P. aKornelsen, E. V.